Essentials of Biomedical Instruments and Techniceues (Record no. 6340)

MARC details
000 -LEADER
fixed length control field 00458nam a22001817a 4500
005 - DATE AND TIME OF LATEST TRANSACTION
control field 20210825145718.0
008 - FIXED-LENGTH DATA ELEMENTS--GENERAL INFORMATION
fixed length control field 200520b xxu||||| |||| 00| 0 eng d
020 ## - INTERNATIONAL STANDARD BOOK NUMBER
ISBN 9788174733689
041 ## - LANGUAGE CODE
Language code of text/sound track or separate title eng
082 ## - DEWEY DECIMAL CLASSIFICATION NUMBER
Classification number 615 DAT
100 ## - MAIN ENTRY--AUTHOR NAME
Personal name DATTA,CHANDRANI
245 ## - TITLE STATEMENT
Title Essentials of Biomedical Instruments and Techniceues
250 ## - EDITION STATEMENT
Edition statement 1'st
260 ## - PUBLICATION, DISTRIBUTION, ETC. (IMPRINT)
Place of publication Delhi
Name of publisher AITBS PUBLISHERS
Year of publication 2019
300 ## - PHYSICAL DESCRIPTION
Number of Pages 180,Viii
650 ## - SUBJECT ADDED ENTRY--TOPICAL TERM
Topical Term Pharmacy
942 ## - ADDED ENTRY ELEMENTS (KOHA)
Koha item type Books
Holdings
Lost status Damaged status Collection code Home library Current library Shelving location Date acquired Source of acquisition Cost, normal purchase price Full call number Accession Number Koha item type
    PHARMACY JRU Library JRU Library SHELF - 17 - H 01/06/2020 PURCHASE 185.00 615 DAT 24136 Books